Stresové testovanie rizika poklesu cien nehnuteľností v slovenskom bankovom sektore

Podľa údajov Národnej asociácie realitných agentúr vzrástla od roku 2002 cena obytných nehnuteľností na Slovensku o 72 percent. Zmeny cien nehnuteľností v pozitívnom i v negatívnom význame ovplyvňujú aj bankový sektor. Možný scenár poklesu cien nehnuteľností.

Guardado en:
Detalles Bibliográficos
Autor principal: Lintner, Viktor
Otros Autores: Rychtárik, Štefan
Formato: Capítulo de libro
Lenguaje:eslovaco
Materias:
Etiquetas: Agregar Etiqueta
Sin Etiquetas, Sea el primero en etiquetar este registro!

MARC

LEADER 00000naa$a2200000$$$4500
001 0057596
005 20231116083352.4
041 0 |a slo 
044 |a SK 
245 1 0 |a Stresové testovanie rizika poklesu cien nehnuteľností v slovenskom bankovom sektore  |c Viktor Lintner, Štefan Rychtárik 
520 |a Podľa údajov Národnej asociácie realitných agentúr vzrástla od roku 2002 cena obytných nehnuteľností na Slovensku o 72 percent. Zmeny cien nehnuteľností v pozitívnom i v negatívnom význame ovplyvňujú aj bankový sektor. Možný scenár poklesu cien nehnuteľností. 
610 2 0 |a nehnuteľnosti 
610 2 0 |a vývoj cenový 
610 2 0 |a Slovensko 
610 2 0 |a cena nehnuteľností 
610 2 0 |a bankovníctvo 
100 1 |a Lintner, Viktor 
700 1 |a Rychtárik, Štefan